The guilt of nations : restitution and negotiating historical injustices /

Bibliographic Details
Main Author: Barkan, Elazar
Format: Book
Language:English
Published: New York : Norton, [2000]
Edition:1st ed.
Subjects:

MARC

Tag First Indicator Second Indicator Subfields
LEADER 00000cam a22000004a 4500
001 in00001562012
005 20151022073051.0
008 991130s2000 nyu b 001 0 eng
010 |a  99088238  
020 |a 0393048861 
035 |a (OCoLC)ocm42960392 
040 |a DLC  |c DLC  |d TXA  |d UtOrBLW 
042 |a pcc 
049 |a TXAM 
050 0 0 |a JA79  |b .B285 2000 
082 0 0 |a 341.6/6  |2 21 
100 1 |a Barkan, Elazar. 
245 1 4 |a The guilt of nations :  |b restitution and negotiating historical injustices /  |c Elazar Barkan. 
250 |a 1st ed. 
264 1 |a New York :  |b Norton,  |c [2000] 
264 4 |c ©2000 
300 |a xii, 414 pages ;  |c 25 cm. 
336 |a text  |b txt  |2 rdacontent 
337 |a unmediated  |b n  |2 rdamedia 
338 |a volume  |b nc  |2 rdacarrier 
504 |a Includes bibliographical references (pages 351-388) and index. 
650 0 |a Political ethics. 
650 0 |a Human rights  |x Moral and ethical aspects. 
650 0 |a International relations  |x Moral and ethical aspects. 
650 0 |a Restorative justice. 
650 0 |a Minorities. 
650 0 |a Postcolonialism. 
650 0 |a History  |x Philosophy. 
948 |a cataloged  |b h  |c 2000/9/28  |d c  |e dmitchel  |f 1:00:30 pm 
994 |a E0  |b TXA 
999 |a MARS 
999 f f |s 050d2a4f-1af1-3c5a-b9c6-d197a21827ea  |i 8cc172c3-fa97-3be0-b69f-10910537800e  |t 0 
952 f f |p normal  |a Texas A&M University  |b College Station  |c Sterling C. Evans Library  |d Evans: Library Stacks  |t 0  |e JA79 .B285 2000  |h Library of Congress classification  |i unmediated -- volume  |m A14826754129 
998 f f |a JA79 .B285 2000  |t 0  |l Evans: Library Stacks